अपरम्परागत विद्युत् ऊर्जा प्रौद्योगिकी / (Record no. 119184)

MARC details
000 -LEADER
fixed length control field 01215nam a22002657a 4500
005 - DATE AND TIME OF LATEST TRANSACTION
control field 20170124103128.0
010 ## - LIBRARY OF CONGRESS CONTROL NUMBER
LC control number B-179223
020 ## - INTERNATIONAL STANDARD BOOK NUMBER
Terms of availability 300.00
International Standard Book Number 81757005870
035 ## - SYSTEM CONTROL NUMBER
System control number B-179223
037 ## - SOURCE OF ACQUISITION
Source of stock number/acquisition Cen Lib/Ret
040 ## - CATALOGING SOURCE
Original cataloging agency DPL
Language of cataloging HN
082 ## - DEWEY DECIMAL CLASSIFICATION NUMBER
Classification number 333.7932
Item number महीपा
100 ## - MAIN ENTRY--PERSONAL NAME
Personal name महीपाल सिंह
9 (RLIN) 83726
245 ## - TITLE STATEMENT
Title अपरम्परागत विद्युत् ऊर्जा प्रौद्योगिकी /
Statement of responsibility, etc महीपाल सिंह
246 ## - VARYING FORM OF TITLE
Title proper/short title Aparamparagat vidyut oorja praudyogiki /
Remainder of title by Mahipal Singh
260 ## - PUBLICATION, DISTRIBUTION, ETC. (IMPRINT)
Name of publisher, distributor, etc सूर्यप्रभा प्रकाशन
Place of publication, distribution, etc नई दिल्ली
Date of publication, distribution, etc 2005
270 ## - ADDRESS
City नई दिल्ली
Postal code 110002
Address 2/9, अंसारी रोड, दरियागंज
300 ## - PHYSICAL DESCRIPTION
Extent 192पृ.
Dimensions 21सेमी(सजिल्द)
500 ## - GENERAL NOTE
General note संदर्भ शामिल
650 ## - SUBJECT ADDED ENTRY--TOPICAL TERM
Topical term or geographic name as entry element सौर विद्युत् ऊर्जा
9 (RLIN) 44437
650 ## - SUBJECT ADDED ENTRY--TOPICAL TERM
Topical term or geographic name as entry element जल-पवन विद्युत् ऊर्जा
9 (RLIN) 83727
650 ## - SUBJECT ADDED ENTRY--TOPICAL TERM
Topical term or geographic name as entry element Solar electric energy
9 (RLIN) 83728
650 ## - SUBJECT ADDED ENTRY--TOPICAL TERM
Topical term or geographic name as entry element Water-wind power energy
9 (RLIN) 83729
942 ## - ADDED ENTRY ELEMENTS (KOHA)
Source of classification or shelving scheme Dewey Decimal Classification
Koha item type Hindi Books
Classification part 333.7932
Call number suffix महीपा
Holdings
Withdrawn status Lost status Damaged status Not for loan Home library Current library Date acquired Source of acquisition Cost, normal purchase price Total Checkouts Full call number Barcode Date last seen Copy number Cost, replacement price Price effective from Koha item type
        Central Library Central Library 15/09/2015 Cen Lib/Ret 300.00   333.7932 महीपा B-179223 15/09/2015 1 300.00 15/09/2015 Hindi Books

© Delhi Public Library
Hit Counter
free hit counter